Регионална библиотека "Любен Каравелов" - Русе

Река Дунав - поминък и култура (Запис номер 69215)

MARC детайли
000 -Лидер
Контролно поле с фиксирана дължина 02384nam a2200421 c 4500
003 - Код на организацията, давaща контролен номер
Контролно поле BLK
005 - Дата и час на последна редакция
Контролно поле 20250516102808.0
008 - Елементи от данни с фиксирана дължина
fixed length control field 180408b bul|||||r ||||||| ||bul||
010 ## - Наследен системен номер
LC control number KNG00073557000
020 ## - Международен стандартен номер на книга ISBN
Международен стандартен номер на книга ISBN 954-8775-46-8
040 ## - Източник на каталожния запис
Идентификатор на билиотеката - собственик на записа BLK
041 ## - Код за език
Код за езика на текст/звукозапис или на отделно заглавие Български
Код за езика КДБФ Български
Други езици Английски
072 #7 - Код за тематичната категория
Код организация bullib
Код за тематична категория К
Текст Краезнание
080 ## - УДК
Текстов определител УДК Краезнание
УДК код - определител по УДК 908
УДК определител (282.243.7-0)(063)
УДК - код + определител 908(282.243.7-0)(063)
080 ## - УДК
Текстов определител УДК Етнология. Етнография. Нрави. Обичаи. Бит. Фолклористика. Вж и 572 ; 903 ; 904
УДК код - определител по УДК 39
УДК определител (282.243.7-0)(063)
УДК - код + определител 39(282.243.7-0)(063)
139 ## - Редно поле
Редна дума Река Дунав - поминък и култура
Авторски знак Рек - Р 49
245 10 - Сведения за заглавието
Заглавие Река Дунав - поминък и култура
Подзаглавни данни Материали от науч. конф., с междунар. участие, проведена в гр. Тутракан на 16 и 17 септ. 2004 г.
Редно поле (дума) състав. Даниела Иванова; състав. Николай Иванов Ненов.
257 ## - Страна на издаване
Страна на създаване/издаване България
260 ## - Област на издателските данни
Име на издателя, разпространителя и проч. Ист. музей
Година на издаване 2006
300 ## - Физическа характеристика
Страници 336 с.
Илюстрации и др. с ил., табл., к.
Размери/Мащаб 20 см
380 ## - Жанр
Жанр Обществени науки
500 ## - Общи забележки
Забележка Изд. на М-во на културата, НЦМГИИ, Ретионален ист. музей - Русе, Община Тутракан, Ист. музей - Тутракан. - Текст и на англ. ез. - Съдържа и Тутракан, реката и Етнографски музей "Дунавски риболов и лодкостроене" / Петър Бойчев. - Библиогр. след отд. материали ; Рез. на англ. ез.
650 #4 - Допълнително описание по предмет – тема
Основно описание – тема или топоним Дунавски страни
9 (RLIN) 273299
650 #4 - Допълнително описание по предмет – тема
Основно описание – тема или топоним Конференции
9 (RLIN) 159253
653 ## - Ключова дума – ненормативна
Ключова дума дунавски страни
653 ## - Ключова дума – ненормативна
Ключова дума конференции
659 ## - Тематичен бюлетин
Тематичен бюлетин К
700 1# - Други автори (авторска отговорност)
Лично име Иванова, Даниела
Автороска отговорност (Описва отношението между автора и произведението) състав.
Друга информация Йолова, Даниела Иванова
9 (RLIN) 370273
700 ## - Други автори (авторска отговорност)
Лично име Ненов, Николай Иванов
Друга информация историк, професор, доктор, Русенски ист. музей
9 (RLIN) 366222
852 ## - Местоположение
Форматна сигнатура Цб 232805
852 ## - Местоположение
Форматна сигнатура К 39/Р 49
856 4# - Електронен адрес и достъп
Електронен формат pdf - файл
856 4# - Електронен адрес и достъп
Електронен формат pdf - файл
999 ## - СИСТЕМНИ КОНТРОЛНИ НОМЕРА
Koha biblionumber 69215
Koha biblioitemnumber 69215
942 ## - АРТИКУЛИ
Вид на библиотечния материал Книги
Скрит в OPAC Не
Периодичен библиозапис Да
Koha issues (borrowed), all copies 1
944 ## - СЪЗДАВАНЕ И РЕДАКЦИЯ на ЗАПИСА
Създаване/Редакция Създаване
Дата на регистрацията/редакция 30.03.2007
Служител, извършил регистрацията/редакцията 30535
Статус, дата на статуса Христина Везирева
944 ## - СЪЗДАВАНЕ И РЕДАКЦИЯ на ЗАПИСА
Създаване/Редакция Редакция
Дата на регистрацията/редакция 12.05.2015
Служител, извършил регистрацията/редакцията Валя_Йорданова
999 ## - СИСТЕМНИ КОНТРОЛНИ НОМЕРА
Koha biblioitemnumber 69215
Наличности
Код за отписване Код за изгубен артикул Код за повреда Коз за рестрикции Код за отдаване Артикулен № Име на библиотеката - собственик Име на библиотеката, в която се намира в момента Статус (Текущо местоположение) Дата на вписване в системата Местоположение - отдел Цена в лева Инвентарен номер Систематично азбучна сигнатура Баркод Номер на екземпляра Цена в евро Служебна бележка Служебен тип на артикула Източник на класификационната схема
  Не е изгубен Не е повреден без рестрикции ползва се в читалня 113551 Регионална библиотека "Любен Каравелов" Русе Регионална библиотека "Любен Каравелов" Русе Хранилище 2007-04-02 Хранилище 0.00 120000711912 Цб 232805 120000711912 1 0.00 Дост: Dp Вид: Д N: 35 Дата: 02.08.2006 Книги  
  Не е изгубен Не е повреден без рестрикции ползва се в читалня 113552 Регионална библиотека "Любен Каравелов" Русе Регионална библиотека "Любен Каравелов" Русе Краезнание 2007-10-31 Краезнание 10.00 120000719126 К 39/Р 49 120000719126 2 5.11 Дост: DA Вид: А N: 11 Дата: 31.10.2007 Дата инв: 10.11.2017 Бележки инв: К2017 Книги Universal Decimal Classification
Vip Innovations Ltd, Rousse, Bulgaria 2025